Pop Culture Moms - Statistics

General Stats
  • This quiz has been taken 65 times
  • The average score is 4 of 16
Answer Stats
Hint Answer % Correct
Bart, Lisa, and Maggie Marge Simpson
90%
Wednesday and Pugsley Morticia Adams
59%
Haley, Alex, and Luke Claire Dunphy
43%
Bill, Charlie, Fred, George, Percy, Ron, and Ginny Molly Weasley
40%
Greg, Marcia, Jan, Peter, Cindy, and Bobby Carol Brady
34%
Rory Lorelei Gilmore
28%
Toulouse, Marie, and Berlioz Duchess
17%
Robb, Sansa, Arya, Bran, and Rickon Catelyn Stark
12%
Jo, Beth, Amy, and Meg Marmee Margaret March
12%
Mary, Laura, Carrie, Charles, and Grace Caroline Ingalls
10%
Jane, Elizabeth, Mary, Kitty (Catherine), and Lydia Mrs. Bennet
10%
Peter, Flopsy, Mopsy, and Cottontail Mrs. Rabbit
9%
Wendy, Peter, and John Mary Darling
7%
Mary, Edith, and Sybil Cora Crawley
5%
Kevin, Kate, and Randall Rebecca Pearson
2%
Peter, Phyllis, and Roberta Mrs. Waterbury
0%
No matching quizzes found
Score Distribution
Percent of People with Each Score
Percentile by Number Answered
Your Score History
You have not taken this quiz